000 01247cpm a22002535a 4500
001 L140257
008 070913s2001 xxk f 000 0 eng d
020 _a0860175529
035 _a(Sirsi) u140257
041 0 _aeng
050 0 4 _a333.73 $2 18
100 1 _aRudland, D.J.
245 0 0 _aContaminated land risk assessment
_btraining pack
260 _aCIRIA
_bLondon
_c2001
300 _a158p.
_c230cm.
_e1 computer disk
490 0 _aCIRIA
_vC552
505 2 _aOne book (Contaminated land risk assessment: a guide to good practice) -- One instruction booklet -- Seven modules in four pamphlets -- 4 sets of delegates notes -- one powerpoint presentation on a single floppy disk
520 _aExplores how risk assessment can lead to a number of benefits. Explains health and safety regulations and shows how risk assessment can reduce risks, cost savings and the avoidance of regulatory action. Explains how to start the risk assessment process, how information on contaminated sites is collected and evaluated to determine the importance of the risk.
651 4 _aEngland and Wales
_y1543-
690 _aPROPERTY-RURAL AND NATURAL ASSETS-LAND-CONTAMINATED LAND
700 1 _aLancefield, R.M.
700 1 _aMayell, P.N.
942 _n0
999 _c107460
_d107460